La llamada de cthulhu : juego de rol en los mundo de h.p.lovecraft [juego] /

Guardado en:
Otros Autores: Lovecraft, Howard Phillips
Formato: Objeto Físico
Publicado: España : Joc international, 1990.
Materias:
Etiquetas: Agregar Etiqueta
Sin Etiquetas, Sea el primero en etiquetar este registro!
LEADER 00833nrm a22001575g 4500
001 CEM.cems019368
008 130507s1990##################0###0#####d
005 20220830165516.0
245 0 0 |a La llamada de cthulhu :  |b juego de rol en los mundo de h.p.lovecraft [juego] /  |c H.P.Lovecraft : 
260 |a España :  |b  Joc international,  |c 1990. 
300 |a 1 juego ( 1 dado de 20 caras, 1 dado de 8 caras , 1dado de 6 caras) ; 192 p. ; 31 x 21 cm. 
500 |a Para varios jugadores a partir de 15 años objetivo: interpretar el papel de los investigadores intrépidos de lo desconocido, que intentan exponer, comprender y quizás destruir los horrores, secretos y misterios de los Mitos de Cthulhu. 
700 1 |a Lovecraft, Howard Phillips 
082 0 4 |a J793.93 
653 |a 1. juegos de rol 
859 |a CEMS  |b BIB. CEMS - Ludoteca  |h J793.93  |i L8  |p 115.96  |t Ej.1